| 000 | 00359nam a2200145Ia 4500 | ||
|---|---|---|---|
| 005 | 20250701160720.0 | ||
| 008 | 240331s9999 xx 000 0 und d | ||
| 082 |
_bGAM _a398 |
||
| 100 | _aGamage,H.H | ||
| 245 | 0 | _aAndare saha gajaman nona | |
| 260 |
_aMaradana _bIndika Press |
||
| 300 | _a24 p ., | ||
| 500 | _aA book of Andare and Gajaman Nona | ||
| 942 | _cL | ||
| 999 |
_c5358 _d5358 |
||